[Event "XXVIII Balaton GM2"]
[Site "Heviz HUN"]
[Date "2010.06.19"]
[Round "1"]
[White "Paschall,W"]
[Black "Vajda,Le"]
[Result "0-1"]
[WhiteElo "2397"]
[BlackElo "2519"]
[EventDate "2010.06.19"]

1. Nf3 Nf6 2. d4 g6 3. c4 Bg7 4. Nc3 O-O 5. Bg5 c5 6. d5 d6 7. Nd2 h6 8.
Bh4 a6 9. e3 Nbd7 10. a4 Rb8 11. Be2 Nh7 12. f4 f5 13. O-O Ndf6 14. Qc2 Qe8
15. Bd3 Ng4 16. Rae1 g5 17. Bg3 gxf4 18. Bxf4 Qh5 19. h3 Ne5 20. Be2 Qg6
21. Qd1 Bf6 22. Kh2 Ng5 23. Bh5 Qg7 24. Qc2 Ng6 25. Re2 Bd7 26. Ref2 Kh8
27. Kh1 Nxf4 28. exf4 Nh7 29. Bd1 Bd4 30. Re2 Nf6 31. Qd3 Rg8 32. Rf3 Rbe8
33. Nf1 Nh5 34. Bc2 e5 35. dxe6 Rxe6 36. Nd5 Bxb2 37. Rfe3 Bd4 38. Rxe6
Bxe6 39. Qf3 Bxd5 40. cxd5 Ng3+ 41. Nxg3 Qxg3 42. Qxg3 Rxg3 43. Re8+ Kg7
44. Rb8 Kf6 45. Rf8+ Ke7 46. Rb8 Be3 47. Rxb7+ Kf6 48. Rb8 Bxf4 49. Rf8+
Ke7 50. Rxf5 Rc3 51. Rxf4 Rxc2 52. Re4+ Kd7 53. Kg1 Rd2 54. Rh4 Rxd5 55.
Rxh6 c4 56. Rh4 c3 57. Rh7+ Kc8 0-1

[Event "XXVIII Balaton GM2"]
[Site "Heviz HUN"]
[Date "2010.06.19"]
[Round "1"]
[White "Balog,I1"]
[Black "Meszaros,T"]
[Result "1/2-1/2"]
[WhiteElo "2494"]
[BlackElo "2434"]
[EventDate "2010.06.19"]

1. c4 Nf6 2. Nf3 e6 3. g3 d5 4. Bg2 dxc4 5. Qa4+ c6 6. Qxc4 b5 7. Qb3 Bb7
8. a4 a6 9. O-O Nbd7 10. d4 Be7 11. Bg5 c5 12. axb5 Bd5 13. Qc2 Be4 14. Qd2
axb5 15. Nc3 Bc6 16. Ne5 Bxg2 17. Kxg2 cxd4 18. Qxd4 Nxe5 19. Qxe5 O-O 20.
Qxb5 Rb8 21. Qc4 Rxb2 22. Ra7 Rb4 23. Qc6 Rb6 24. Qf3 Rb3 25. Qc6 Rb6 26.
Qa4 Bb4 27. Rd1 Qb8 28. Bxf6 gxf6 29. Ne4 Qe5 30. Qc2 f5 31. Ng5 h6 32. Nf3
Qc3 33. Qa4 Rd6 34. Rb1 Rb6 35. Rb3 Qc5 36. Qa1 Rc6 37. Ra8 Bc3 38. Rxf8+
Kxf8 39. Qc1 Kg7 40. Rb7 Rc7 41. Rb8 Rc8 42. Rxc8 Qxc8 43. Qc2 Qc4 44. h3
Qb4 45. Qd3 Bf6 46. Nd2 Qc3 47. Qd7 Qd4 48. Qxd4 Bxd4 49. Kf3 Kf6 50. Nc4
Bc5 51. Nb2 e5 52. Nd1 e4+ 53. Kg2 Ke5 54. f4+ Ke6 55. e3 h5 56. Kf1 Kf6
57. Ke2 h4 58. g4 fxg4 59. hxg4 Kg6 60. Nf2 f5 1/2-1/2

[Event "XXVIII Balaton GM2"]
[Site "Heviz HUN"]
[Date "2010.06.19"]
[Round "1"]
[White "Varga,Zo"]
[Black "Horvath,Ad1"]
[Result "1/2-1/2"]
[WhiteElo "2479"]
[BlackElo "2494"]
[EventDate "2010.06.19"]

1. e4 e5 2. Nf3 Nc6 3. Bb5 a6 4. Ba4 Nf6 5. O-O b5 6. Bb3 Be7 7. Re1 O-O 8.
c3 d6 9. h3 Na5 10. Bc2 c5 11. d4 Qc7 12. Nbd2 Bb7 13. d5 Bc8 14. b3 g6 15.
Nf1 Nh5 16. Bh6 Ng7 17. Qd2 Bd7 18. N3h2 Nb7 19. f4 f6 20. Nf3 Nd8 21. fxe5
fxe5 22. N1h2 Nf7 23. Be3 Nh5 24. Rf1 Ng3 25. Rf2 Rae8 26. Ng5 Nxg5 27.
Bxg5 Rxf2 28. Kxf2 Bxg5 29. Qxg5 Nh5 30. Qe3 Rf8+ 31. Kg1 Qd8 32. Rf1 Rxf1+
33. Nxf1 1/2-1/2

[Event "XXVIII Balaton GM2"]
[Site "Heviz HUN"]
[Date "2010.06.20"]
[Round "2"]
[White "Vajda,Le"]
[Black "Horvath,Ad1"]
[Result "1/2-1/2"]
[WhiteElo "2519"]
[BlackElo "2494"]
[EventDate "2010.06.19"]

1. e4 e5 2. Nf3 Nc6 3. Bc4 Nf6 4. d3 Bc5 5. O-O O-O 6. c3 d6 7. Nbd2 a6 8.
Bb3 Ba7 9. h3 Ne7 10. Re1 Ng6 11. Nf1 h6 12. Ng3 Re8 13. Be3 c6 14. d4 Qc7
15. dxe5 dxe5 16. Bxa7 Rxa7 17. Qd2 Ra8 18. Qe3 a5 19. a4 Be6 20. Bxe6 fxe6
21. Red1 Rad8 22. Ne2 Rxd1+ 23. Rxd1 Rd8 24. Rxd8+ Qxd8 25. Nd2 b5 26. axb5
cxb5 27. g3 a4 28. Kg2 Kh7 29. Ng1 Qd6 30. Ngf3 Qd7 31. Qe2 Qb7 1/2-1/2

[Event "XXVIII Balaton GM2"]
[Site "Heviz HUN"]
[Date "2010.06.20"]
[Round "2"]
[White "Hoelzl,F"]
[Black "Varga,Zo"]
[Result "0-1"]
[WhiteElo "2325"]
[BlackElo "2479"]
[EventDate "2010.06.19"]

1. e4 d5 2. exd5 Qxd5 3. Nf3 Bg4 4. Nc3 Qa5 5. h3 Bh5 6. d4 e6 7. g4 Bg6 8.
Ne5 Nf6 9. Nc4 Qa6 10. Ne5 Qb6 11. Bg2 c6 12. O-O Nbd7 13. Re1 Nxe5 14.
dxe5 Nd7 15. Qe2 Be7 16. b3 h5 17. Bb2 hxg4 18. hxg4 Qd4 19. Rad1 Qf4 20.
Nb5 O-O-O 21. Nd6+ Bxd6 22. Rxd6 Nc5 23. Rxd8+ Rxd8 24. Bc1 Qb4 25. Bg5 Rd7
26. Rd1 Qc3 27. b4 Qxb4 28. f4 Rxd1+ 29. Qxd1 Nd7 30. Kh2 Qc5 31. Qe1 Qxc2
32. Qh4 b5 33. f5 exf5 34. Qh8+ Kb7 35. Qe8 Qd3 36. a4 Qd4 37. axb5 Qxe5+
38. Qxe5 Nxe5 39. gxf5 Bxf5 40. Bf4 f6 0-1

[Event "XXVIII Balaton GM2"]
[Site "Heviz HUN"]
[Date "2010.06.20"]
[Round "2"]
[White "Paschall,W"]
[Black "Balog,I1"]
[Result "1/2-1/2"]
[WhiteElo "2397"]
[BlackElo "2494"]
[EventDate "2010.06.19"]

1. g3 d5 2. Bg2 c6 3. d3 Nf6 4. Nf3 g6 5. O-O Bg7 6. Nbd2 O-O 7. e4 dxe4 8.
dxe4 Na6 9. Qe2 Nb4 10. Nc4 Be6 11. Ng5 Qc8 12. Nxe6 Qxe6 13. c3 Na6 14. f3
Nc5 15. Rd1 Na4 16. Be3 Nd7 17. Bd4 Ne5 18. Nxe5 Bxe5 19. Qc2 Bxd4+ 20.
cxd4 Nb6 21. a4 Rfd8 22. a5 Nd7 23. Bf1 Rac8 24. Bc4 Qf6 25. f4 e6 26. Ra3
Qe7 27. f5 exf5 28. exf5 Kg7 29. Rf3 Nf6 30. fxg6 fxg6 31. Qf2 Qd6 32. Rf1
Rf8 33. Ba2 Rce8 34. Rf4 Qe7 35. d5 c5 36. b4 b6 37. axb6 axb6 38. bxc5
bxc5 39. Bc4 Ng4 40. Qb2+ Qe5 41. Qxe5+ Nxe5 42. Bb5 Rb8 43. Rxf8 Rxf8 44.
Rc1 c4 45. Bxc4 Rc8 46. d6 Rd8 47. Be2 1/2-1/2

[Event "XXVIII Balaton GM2"]
[Site "Heviz HUN"]
[Date "2010.06.20"]
[Round "2"]
[White "Meszaros,T"]
[Black "Nadig,K"]
[Result "0-1"]
[WhiteElo "2434"]
[BlackElo "2236"]
[EventDate "2010.06.19"]

1. e4 c5 2. Nf3 d6 3. d4 cxd4 4. Nxd4 Nf6 5. Nc3 g6 6. Be2 Bg7 7. O-O Nc6
8. Nb3 O-O 9. Re1 Be6 10. Bf1 a5 11. a4 Rc8 12. Nd5 Bxd5 13. exd5 Nb4 14.
c4 Nd7 15. Ra3 Ne5 16. Nd2 Qd7 17. f4 Ng4 18. Nf3 Qc7 19. Qe2 Qb6+ 20. Be3
Nxe3 21. Rxe3 Na6 22. b3 Nc5 23. Kh1 Qb4 24. Rb1 Nxa4 25. Qe1 Qxe1 26.
Rbxe1 Nc5 27. Nd2 Bd4 28. Rf3 f5 29. g3 Rfe8 30. Nb1 e5 31. dxe6 Ne4 32.
Kg2 Rxe6 33. Na3 Bc5 34. Nb5 Kf7 35. Rd3 Nf6 36. Red1 Ng4 37. Nxd6+ Bxd6
38. Rxd6 Ne3+ 39. Kf2 Nxd1+ 40. Rxd1 Rb6 41. Rd3 Ke7 42. Bg2 a4 43. Ke1 0-1

[Event "XXVIII Balaton GM2"]
[Site "Heviz HUN"]
[Date "2010.06.21"]
[Round "3"]
[White "Balog,I1"]
[Black "Vajda,Le"]
[Result "1/2-1/2"]
[WhiteElo "2494"]
[BlackElo "2519"]
[EventDate "2010.06.19"]

1. c4 Nf6 2. g3 g6 3. Bg2 Bg7 4. Nc3 O-O 5. e4 d6 6. Nge2 e5 7. O-O Be6 8.
d3 c6 9. h3 Qd7 10. Kh2 Na6 11. f4 Kh8 12. Be3 Ng8 13. Qd2 Nc7 14. b3 exf4
15. Nxf4 Qe7 16. Rae1 Bd7 17. d4 b6 18. Nd3 f6 19. Rf2 Rae8 20. Rfe2 Ne6
21. b4 Nd8 22. a4 Nf7 23. b5 c5 24. a5 Qd8 25. Nd5 Be6 26. N3f4 Bc8 27. Qa2
Ng5 28. Bf2 Rf7 29. axb6 axb6 30. Qa8 Nh6 31. Qc6 Rb7 32. Ra2 Ngf7 33. Ra8
cxd4 34. Qxb7 Bxb7 35. Rxd8 Rxd8 36. Bxd4 Ne5 37. Nxb6 Nhf7 38. Ra1 Ng5 39.
Bxe5 fxe5 40. Nfd5 Ne6 41. Ra7 Nc5 42. Na4 Bxd5 43. exd5 Nxa4 44. Rxa4 Bh6
45. Ra3 Bd2 46. h4 Rb8 47. Be4 Bb4 48. Ra7 Bc5 49. Re7 Kg8 50. h5 gxh5 51.
Rxh7 Ra8 52. Rxh5 Ra4 53. Rh4 Kg7 54. Bg2 Ra3 55. Kh3 Rc3 56. Bf1 Rf3 57.
Be2 Re3 58. Bg4 Rc3 59. Be6 Bd4 60. Rg4+ Kf6 61. Rg8 Rxc4 62. g4 Rc3+ 63.
Kg2 Rc2+ 64. Kf1 Rc1+ 65. Ke2 Rc2+ 66. Kd3 Rc3+ 67. Kd2 Rg3 68. Bf5 Bc5 69.
Kc2 e4 70. Bxe4 Ke5 71. Bf5 Kxd5 72. Rb8 Ba7 73. Ra8 Bd4 74. Ra4 Rc3+ 75.
Kd2 Rb3 76. Bd3 Rb2+ 77. Kd1 Be3 78. Ke1 Bg5 79. Kf1 Bd2 80. Be2 Ke5 81.
Ra8 d5 82. Rg8 Kf6 83. Rf8+ Ke6 84. Rg8 Kf6 85. Bd3 Be3 86. Re8 Bd4 87. Rd8
Rb3 88. Ke2 Rb2+ 89. Ke1 Rg2 90. Be2 Ke5 91. Bf3 Rb2 92. Rxd5+ Kf4 93.
Rxd4+ Kxf3 94. Rd5 Kxg4 95. Kd1 Kf4 96. Kc1 Ke4 1/2-1/2

[Event "XXVIII Balaton GM2"]
[Site "Heviz HUN"]
[Date "2010.06.21"]
[Round "3"]
[White "Nadig,K"]
[Black "Paschall,W"]
[Result "0-1"]
[WhiteElo "2236"]
[BlackElo "2397"]
[EventDate "2010.06.19"]

1. Nf3 c5 2. c4 Nc6 3. Nc3 g6 4. e3 Nf6 5. d4 cxd4 6. exd4 d5 7. cxd5 Nxd5
8. Bc4 Nb6 9. Be2 Bg7 10. Be3 O-O 11. O-O Be6 12. Re1 Rc8 13. Qd2 Re8 14.
Rad1 Bc4 15. Bh6 Bh8 16. h4 Qd6 17. b3 Bxe2 18. Qxe2 Qb4 19. Ne4 Red8 20.
Bd2 Qa3 21. Bc1 Qa5 22. Neg5 Qf5 23. Ba3 Nd5 24. Qd2 h6 25. Ne4 Nf4 26. Ng3
Qg4 27. Nh2 Qxh4 28. Nf3 Qg4 29. Nh2 Qg5 30. Nf3 Qf6 31. Ne4 Qf5 32. Ng3
Qa5 33. Qxa5 Nxa5 34. Bxe7 Rd7 35. Bb4 Nc6 36. Bc3 Rcd8 37. Ne2 Ne6 38. Rd2
Nc7 39. Red1 Nd5 40. Bb2 f6 41. Nc3 Nxc3 42. Bxc3 Ne7 43. Bb2 Nd5 44. g3
Kf7 45. Rc1 Bg7 46. Rcd1 h5 47. Kg2 Rc8 48. Ne1 Re7 49. Kf1 Rec7 50. Re2
Bf8 51. Nd3 Rc2 52. Ne1 R2c6 53. Nd3 Bd6 54. Nc5 b6 55. Nd3 Rc2 56. Ne1
Rxe2 57. Kxe2 Bb4 58. Nd3 Rc2+ 59. Kf3 Bd6 60. a4 g5 61. Rc1 Rd2 62. Rc6
Be7 63. Ke4 Rxd3 64. Kxd5 Rxb3 65. Bc1 Rb1 66. Rc7 Ra1 67. Rc8 Rxa4 68. Rh8
Bb4 69. Rxh5 Be1 70. f4 gxf4 71. Rh7+ Kg6 72. Rh1 Bxg3 73. Bb2 Ra2 74. Bc3
Kf5 75. Rf1 Kg4 76. Ke4 Re2+ 77. Kd3 f3 78. d5 Re8 79. Bd4 Re1 80. Rxe1
Bxe1 81. Bxf6 Bg3 82. Be7 Kh3 83. d6 Bxd6 0-1

[Event "XXVIII Balaton GM2"]
[Site "Heviz HUN"]
[Date "2010.06.21"]
[Round "3"]
[White "Varga,Zo"]
[Black "Czebe,A"]
[Result "1/2-1/2"]
[WhiteElo "2479"]
[BlackElo "2480"]
[EventDate "2010.06.19"]

1. d4 d5 2. c4 e6 3. Nc3 Nf6 4. Nf3 Be7 5. Bg5 h6 6. Bxf6 Bxf6 7. e3 O-O 8.
Rc1 b6 9. cxd5 exd5 10. Be2 Re8 11. O-O c6 12. b4 Bb7 13. Nd2 Nd7 14. Nb3
g6 15. b5 Bg7 16. bxc6 Bxc6 17. Bb5 Bb7 18. Qf3 a6 19. Bd3 Nf6 20. a4 Rc8
21. a5 Ne4 22. Bxe4 dxe4 23. Qe2 Bd5 24. Nxd5 Qxd5 25. Rxc8 Rxc8 26. Qxa6
Rc3 27. Nd2 bxa5 28. Ra1 Rc5 29. dxc5 Bxa1 30. Qxa5 Bg7 31. g3 Bf8 32. h4
f5 33. Kg2 Qxc5 34. Qxc5 Bxc5 35. Nc4 h5 36. f3 exf3+ 37. Kxf3 Kg7 38. e4
1/2-1/2

[Event "XXVIII Balaton GM2"]
[Site "Heviz HUN"]
[Date "2010.06.21"]
[Round "3"]
[White "Bokros,A"]
[Black "Meszaros,T"]
[Result "1/2-1/2"]
[WhiteElo "2486"]
[BlackElo "2434"]
[EventDate "2010.06.19"]

1. e4 e5 2. Nf3 Nc6 3. Bb5 Nf6 4. O-O Nxe4 5. d4 Nd6 6. Bxc6 dxc6 7. dxe5
Nf5 8. Qxd8+ Kxd8 9. Nc3 Ke8 10. h3 Be7 11. g4 Nh4 12. Nxh4 Bxh4 13. Kg2 h5
14. f3 Be7 15. Rd1 Be6 16. Be3 a6 17. Ne2 Rd8 18. Rxd8+ Kxd8 19. Nf4 g6 20.
Rd1+ Ke8 21. Nxe6 fxe6 22. f4 Rh7 23. Rd2 Rh8 24. Re2 Rh7 25. Kg3 Rh8 26.
Rg2 Kf7 27. Rd2 Ke8 28. Rg2 Kf7 29. Kf3 hxg4+ 30. hxg4 Rh3+ 31. Rg3 Rh1 32.
Rg1 Rh3+ 33. Rg3 Rh2 34. Rg2 Rh3+ 35. Rg3 1/2-1/2